|
|
|
|
| LEADER |
01682nam a22004335i 4500 |
| 001 |
978-981-10-1421-5 |
| 003 |
DE-He213 |
| 005 |
20160707110010.0 |
| 007 |
cr nn 008mamaa |
| 008 |
160707s2016 si | s |||| 0|eng d |
| 020 |
|
|
|a 9789811014215
|9 978-981-10-1421-5
|
| 024 |
7 |
|
|a 10.1007/978-981-10-1421-5
|2 doi
|
| 040 |
|
|
|d GrThAP
|
| 050 |
|
4 |
|a RS1-441
|
| 072 |
|
7 |
|a MQP
|2 bicssc
|
| 072 |
|
7 |
|a MED072000
|2 bisacsh
|
| 082 |
0 |
4 |
|a 615.1
|2 23
|
| 245 |
1 |
0 |
|a Pharmaceutical Care Issues of Patients with Rheumatoid Arthritis
|h [electronic resource] :
|b From Hospital to Community /
|c edited by Louise Grech, Alan Lau.
|
| 264 |
|
1 |
|a Singapore :
|b Springer Singapore :
|b Imprint: Adis,
|c 2016.
|
| 300 |
|
|
|a XV, 87 p. 5 illus., 3 illus. in color.
|b online resource.
|
| 336 |
|
|
|a text
|b txt
|2 rdacontent
|
| 337 |
|
|
|a computer
|b c
|2 rdamedia
|
| 338 |
|
|
|a online resource
|b cr
|2 rdacarrier
|
| 347 |
|
|
|a text file
|b PDF
|2 rda
|
| 505 |
0 |
|
|a 1. Understanding Rheumatoid Arthritis -- 2. Pharmacotherapy of Rheumatoid Arthritis -- 3. Pharmacoeconomics and Rheumatoid Arthritis -- 4. Pharmaceutical Care Issues of Rheumatoid Arthritis Patients -- 5. Transitional Care – Caring Across the Interface.
|
| 520 |
|
|
|a true.
|
| 650 |
|
0 |
|a Pharmacy.
|
| 650 |
|
0 |
|a Rheumatology.
|
| 650 |
1 |
4 |
|a Pharmacy.
|
| 650 |
2 |
4 |
|a Pharmacy.
|
| 650 |
2 |
4 |
|a Rheumatology.
|
| 700 |
1 |
|
|a Grech, Louise.
|e editor.
|
| 700 |
1 |
|
|a Lau, Alan.
|e editor.
|
| 710 |
2 |
|
|a SpringerLink (Online service)
|
| 773 |
0 |
|
|t Springer eBooks
|
| 776 |
0 |
8 |
|i Printed edition:
|z 9789811014208
|
| 856 |
4 |
0 |
|u http://dx.doi.org/10.1007/978-981-10-1421-5
|z Full Text via HEAL-Link
|
| 912 |
|
|
|a ZDB-2-SME
|
| 950 |
|
|
|a Medicine (Springer-11650)
|